Biggest City in Each US State by Letter - C - Statistics

General Stats
  • This quiz has been taken 282 times
    226 since last reset
  • The average score is 23 of 50
Answer Stats
Hint Population Answer % Correct
Illinois 2,746,388 Chicago
99%
Ohio 905,748 Columbus
98%
Georgia 206,922 Columbus
98%
Nebraska 24,028 Columbus
98%
Colorado 478,961 Colorado Springs
95%
North Carolina 874,579 Charlotte
94%
South Carolina 150,227 Charleston
92%
West Virginia 48,864 Charleston
92%
Texas 317,863 Corpus Christi
88%
Missouri 126,254 Columbia
85%
Arizona 275,987 Chandler
81%
Tennessee 181,099 Chattanooga
79%
Iowa 137,710 Cedar Rapids
77%
Virginia 249,422 Chesapeake
77%
Wyoming 65,132 Cheyenne
77%
New Hampshire 43,976 Concord
75%
California 275,487 Chula Vista
73%
Massachusetts 118,403 Cambridge
72%
Florida 194,016 Cape Coral
67%
Nevada 58,639 Carson City
66%
Rhode Island 82,934 Cranston
56%
Indiana 99,757 Carmel
52%
Oregon 59,922 Corvallis
41%
Pennsylvania 32,605 Chester
40%
Arkansas 64,134 Conway
39%
Kentucky 40,961 Covington
39%
New Jersey 90,296 Clifton
33%
Idaho 59,996 Caldwell
32%
Michigan 13,822 Coldwater
30%
Minnesota 63,599 Coon Rapids
30%
Mississippi 28,100 Clinton
29%
Vermont 17,524 Colchester
28%
New Mexico 38,567 Clovis
27%
Utah 35,235 Cedar City
25%
South Dakota 3,066 Canton
19%
Louisiana 29,565 Central
19%
Delaware 3,961 Clayton
19%
Alaska 2,609 Cordova
17%
Maryland 34,740 College Park
15%
Hawaii 3,253 Captain Cook
12%
North Dakota 2,479 Casselton
12%
Alabama 18,213 Cullman
9%
Maine 9,535 Cape Elizabeth
8%
Oklahoma 19,580 Claremore
7%
Washington 26,065 Camas
5%
Connecticut 28,733 Cheshire
5%
New York 18,147 Cohoes
5%
Kansas 8,826 Coffeyville
4%
Montana 5,308 Columbia Falls
4%
Wisconsin 25,361 Caledonia
2%
No matching quizzes found
Score Distribution
Percent of People with Each Score
Percentile by Number Answered
Your Score History
You have not taken this quiz since the last reset